000 00200 a2200097 4500
001 49483
100 _aScott
245 _aHeart of Midlothian
260 _aLondon
_bCollins
_c
090 _c32014
_d32014
942 _aNUST-CAE
_cM
_c24464
999 _c284556
_d284556